El Delito Ambiental en el Derecho Chileno y Comparado, de los Tribunales Ambientales y Ley 20.147 sobre Normativa Ambiental
Spremljeno u:
| Glavni autor: | |
|---|---|
| Format: | Knjiga |
| Jezik: | engleski |
| Izdano: |
Santiago
Metropolitana
2019
|
| Teme: | |
| Oznake: |
Dodaj oznaku
Bez oznaka, Budi prvi tko označuje ovaj zapis!
|
MARC
| LEADER | 00000nam a22000007a 4500 | ||
|---|---|---|---|
| 003 | CL-VaPUC | ||
| 005 | 20241023162302.0 | ||
| 008 | 200311b ||||| |||| 00| 0 eng d | ||
| 999 | |c 422692 |d 422690 | ||
| 040 | |c Pontificia Universidad Católica de Valparaíso | ||
| 082 | 0 | 4 | |a 344.046 SIL 2019 |
| 100 | 1 | |a Silva Silva, Hernán Octavio |9 737526 | |
| 245 | 1 | 0 | |a El Delito Ambiental en el Derecho Chileno y Comparado, de los Tribunales Ambientales y Ley 20.147 sobre Normativa Ambiental |
| 260 | |a Santiago |b Metropolitana |c 2019 | ||
| 300 | |a 610 p | ||
| 583 | |c 20200311 | ||
| 650 | 0 | 0 | |a DELITO AMBIENTAL |9 538789 |
| 650 | 0 | 0 | |a DERECHO CHILENO |9 737529 |
| 650 | 0 | 0 | |a Derecho comparado |9 255664 |
| 650 | 0 | 0 | |a Derecho ambiental |z Chile |9 499116 |
| 650 | 0 | 0 | |a NORMATIVA AMBIENTAL |9 408791 |
| 650 | 0 | 0 | |a Medio ambiente |9 257625 |
| 650 | 0 | 0 | |a Protección del medio ambiente |9 257626 |
| 650 | 0 | 0 | |a DELITO ECOLOGICO |9 679573 |
| 650 | 0 | 0 | |a Código penal |9 255935 |
| 650 | 0 | 0 | |a DERECHO PENAL |9 11 |
| 651 | |a CHILE |9 737530 | ||
| 651 | 0 | |a México |9 255269 | |
| 651 | 0 | |a Ecuador |9 258378 | |
| 651 | |a EL SALVADOR |9 257726 | ||
| 651 | 0 | |a Italia |9 254949 | |
| 651 | |a HUNGRIA |9 336650 | ||
| 651 | |a POLONIA |9 321936 | ||
| 651 | |a HONDURAS |9 257740 | ||
| 651 | 0 | |a Bolivia |9 255454 | |
| 651 | 0 | |a Suiza |9 256768 | |
| 651 | |a PANAMA |9 257728 | ||
| 651 | 0 | |a Yugoslavia |9 313912 | |
| 651 | 0 | |a Grecia |9 265314 | |
| 651 | |a PORTUGAL |9 255007 | ||
| 651 | |a CUBA |9 255263 | ||
| 651 | |a ALBANIA |9 357833 | ||
| 651 | 0 | |a España |9 254926 | |
| 651 | 0 | |a Venezuela |9 254993 | |
| 651 | 0 | |a China |9 257545 | |
| 651 | |a NICARAGUA |9 255394 | ||
| 651 | 0 | |a Brasil |9 267393 | |
| 651 | 0 | |a Colombia |9 256424 | |
| 651 | 0 | |a Paraguay |9 255336 | |
| 651 | 0 | |a Perú |9 256567 | |
| 651 | 0 | |a Rusia |9 256106 | |
| 651 | 0 | |a Argentina |9 254888 | |
| 651 | 0 | |a Costa Rica |9 225304 | |
| 651 | |a BELGICA |9 315122 | ||
| 651 | 0 | |a Alemania |9 255688 | |
| 651 | |a AUSTRIA |9 266851 | ||
| 942 | |2 ddc |c BK | ||
| 952 | |0 0 |1 0 |2 ddc |4 0 |6 344_046000000000000_SIL_2019 |7 0 |9 560987 |a BIBDER |b BIBDER |d 2020-03-11 |e 22 |g 65450.00 |i 5573955 |l 5 |m 3 |o 344.046 SIL 2019 |p 5573955 |r 2025-04-04 |s 2025-04-04 |t 1 |v 65450.00 |w 2020-03-11 |y BK |k DER | ||